00847 2200313 4500001002100000005001500021035002500036008004100061020002200102040001200124041000800136082001400144084001600158090002000174090002100194100001500215245005400230250002600284260003200310300003900342504003000381650001600411650002100427700001000448850001200458999002100470990002100491990002100512INLIS00000000003542520190701022542 a0010-041800000000605180409s ind  a978-602-50754-6-9 aYOPDYOG0 aind04223a297.5 a297.5 ARU t aDEP 297.5 ARU t aCB-D.11 2018-1090 aArum Faiza1 aTa'aruf mati langkah /cArum Faiza; editor, Aruma aCetakan pertama, 2018 aYogyakarta :bNoktah,c2018 a272 halaman :bilustrasi ;c19 cm. aBibliografi: hlm. 267-270 4aEtika Islam 4aPerkawinan Islam0 aAruma aYOPDYOG aCB-D.11/2018-109 aCB-D.11/2018-109 aCB-D.11/2018-109